Top 30 footballeur de tous les temps - Statistiques

Statistiques générales
  • Ce quiz a été pris 975 fois
    941 depuis la dernière actualisation
  • Le résultat moyen est 17 sur 30
Statistiques - réponses
Pays Joueur % Correct
Portugal Cristiano Ronaldo
100%
Argentine Lionel Messi
100%
France Zinedine Zidane
94%
Brésil Pelé
93%
Argentine Diego Maradona
92%
Bresil Ronaldinho
81%
Pays Bas Johan Cruyff
79%
France Michel Platini
72%
Allemagne Gerd Müller
68%
Espagne Andrés Iniesta
67%
France Thierry Henry
65%
Espagne Xavi
65%
Italie Paolo Maldini
62%
Hongrie Ferenc Puskás
59%
Portugal Eusébio
58%
Irlande du Nord George Best
57%
Allemagne Franz Beckenbauer
55%
Pays Bas Marco van Basten
52%
Brésil Ronaldo Nazário
51%
Pays Bas Ruud Gullit
48%
Argentine/Espagne Alfredo Di Stéfano
45%
Russie Lev Yashin
45%
Brésil Rivaldo
40%
Angleterre Bobby Charlton
37%
Italie Fabio Cannavaro
34%
Italie Roberto Baggio
33%
Allemagne Lothar Matthäus
25%
Brésil Zico
23%
Italie Franco Baresi
18%
Allemagne Karl-Heinz Rummenigge
10%
Aucun quiz correspondant
Distribution des résultats
% des personnes avec chaque résultat
Percentile par nombre de réponses
Votre historique - résultats
Vous n’avez pas pris ce quiz depuis la dernière actualisation